[Event "Assisi op"]
[Site "Assisi"]
[Date "2003.12.23"]
[Round "6"]
[White "La Penna, Antonio"]
[Black "Stromboli, Carlo"]
[Result "1/2-1/2"]
[WhiteElo "2072"]
[BlackElo "1894"]
[PlyCount "105"]
[EventDate "2003.12.20"]
[EventType "swiss"]
[EventRounds "6"]
[EventCountry "ITA"]
[SourceTitle "EXT 2005"]
[Source "ChessBase"]
[SourceDate "2004.11.15"]
[SourceVersion "1"]
[SourceVersionDate "2004.11.15"]
[SourceQuality "1"]

1. e4 d5 2. exd5 Qxd5 3. Nc3 Qd6 4. Nf3 Bg4 5. Be2 Nf6 6. d4 a6 7. Be3 e6 8. h3 Bh5 9. Ne5 Bxe2 10. Qxe2 Nc6 11. Nc4 Qd7 12. 0-0-0 Nd5 13. Ne4 0-0-0 14. c3 h6 15. f4 Bd6 16. Ne5 Qe8 17. g3 f5 18. Nf2 Bxe5 19. fxe5 Nxe3 20. Qxe3 Qe7 21. Nd3 g5 22. Kc2 Rd5 23. Nc5 b6 24. Nb3 Na5 25. Nxa5 Rxa5 26. Kb1 Rd8 27. h4 Rad5 28. hxg5 Qxg5 29. Qxg5 hxg5 30. Kc2 c5 31. Rh6 cxd4 32. cxd4 Rxd4 33. Rxd4 Rxd4 34. Rxe6 Kc7 35. Rg6 Re4 36. Rxg5 Rxe5 37. Kc3 Kd6 38. Kd4 Re4+ 39. Kd3 Ke5 40. Rg8 Rd4+ 41. Kc3 Rd6 42. Re8+ Kd5 43. Kd3 Rg6 44. Re3 Rg4 45. b3 a5 46. Kd2 b5 47. Rd3+ Kc5 48. Rf3 Rd4+ 49. Kc2 Rd5 50. a3 Re5 51. Kd3 Kd6 52. Re3 Rd5+ 53. Kc3 1/2-1/2